[Event "Russian Women's Higher League 2021"]
[Site "?"]
[Date "2021.06.26"]
[Round "1.10"]
[White "Belenkaya, Dina"]
[Black "Grigorieva, Yulia"]
[Result "1-0"]
[WhiteElo "2341"]
[BlackElo "2143"]
[Annotator ""]
[Source ""]
[Remark ""]

1.e4 {[%clk 1:30:56]} e5 {[%clk 1:30:48]} 2.Nf3 {[%clk 1:31:19]}
Nc6 {[%clk 1:31:14]} 3.d4 {[%clk 1:31:32]} exd4 {[%clk 1:31:39]}
4.Nxd4 {[%clk 1:31:59]} Bc5 {[%clk 1:32:04]} 5.Nxc6 {[%clk 1:30:35]}
Qf6 {[%clk 1:31:47]} 6.Qf3 {[%clk 1:30:18]} bxc6 {[%clk 1:28:54]}
7.Nc3 {[%clk 1:28:48]} d6 {[%clk 1:25:51]} 8.Be2 {[%clk 1:23:50]}
Qxf3 {[%clk 1:19:07]} 9.Bxf3 {[%clk 1:20:04]} Ne7 {[%clk 1:18:09]}
10.O-O {[%clk 1:17:17]} O-O {[%clk 1:17:18]} 11.Re1 {[%clk 1:09:16]}
Ng6 {[%clk 1:08:59]} 12.Be3 {[%clk 1:00:08]} Bxe3 {[%clk 1:01:03]}
13.Rxe3 {[%clk 1:00:20]} Be6 {[%clk 0:58:57]} 14.g3 {[%clk 0:57:57]}
Rab8 {[%clk 0:55:28]} 15.b3 {[%clk 0:57:07]} f6 {[%clk 0:47:08]}
16.Bg2 {[%clk 0:56:42]} Rfe8 {[%clk 0:40:17]} 17.f4 {[%clk 0:53:45]}
Bd7 {[%clk 0:40:05]} 18.Rae1 {[%clk 0:52:20]} Re7 {[%clk 0:33:04]}
19.Kf2 {[%clk 0:39:11]} Nf8 {[%clk 0:25:26]} 20.e5 {[%clk 0:26:29]}
fxe5 {[%clk 0:24:23]} 21.fxe5 {[%clk 0:26:51]} d5 {[%clk 0:23:21]}
22.Na4 {[%clk 0:26:26]} Rbe8 {[%clk 0:16:32]} 23.c3 {[%clk 0:22:57]}
Bf5 {[%clk 0:07:11]} 24.Bf3 {[%clk 0:12:43]} Ng6 {[%clk 0:04:57]}
25.Bh5 {[%clk 0:05:57]} Be4 {[%clk 0:03:47]} 26.Bxg6 {[%clk 0:06:09]}
hxg6 {[%clk 0:03:28]} 27.Nc5 {[%clk 0:06:02]} Rxe5 {[%clk 0:03:42]}
28.b4 {[%clk 0:03:10]} g5 {[%clk 0:02:20]} 29.g4 {[%clk 0:02:46]}
Kf7 {[%clk 0:01:12]} 30.Kg3 {[%clk 0:02:47]} Kg6 {[%clk 0:00:50]}
31.Nb3 {[%clk 0:02:36]} R5e6 {[%clk 0:00:45]} 32.Nc5 {[%clk 0:02:18]}
Re5 {[%clk 0:00:52]} 33.a4 {[%clk 0:02:20]} R5e7 {[%clk 0:00:40]}
34.a5 {[%clk 0:02:33]} Re5 {[%clk 0:00:41]} 35.Nb3 {[%clk 0:02:27]}
R5e6 {[%clk 0:00:35]} 36.Nc5 {[%clk 0:01:00]} Re5 {[%clk 0:00:39]}
37.R1e2 {[%clk 0:00:54]} R8e7 {[%clk 0:00:38]} 38.Kf2 {[%clk 0:01:01]}
Kf7 {[%clk 0:00:36]} 39.Ke1 {[%clk 0:00:47]} g6 {[%clk 0:00:36]}
40.Kd2 {[%clk 0:00:46]} Kg7 {[%clk 0:00:45]} 41.Re1 {[%clk 0:25:36]}
Re8 {[%clk 0:27:01]} 42.R3e2 {[%clk 0:24:57]} R5e7 {[%clk 0:19:10]}
43.Rf2 {[%clk 0:14:13]} Rf7 {[%clk 0:11:32]} 44.Ref1 {[%clk 0:14:17]}
Rxf2+ {[%clk 0:05:30]} 45.Rxf2 {[%clk 0:14:46]} Bb1 {[%clk 0:02:30]}
46.Nb3 {[%clk 0:13:50]} Ba2 {[%clk 0:00:53]} 47.Nd4 {[%clk 0:13:45]}
Bc4 {[%clk 0:00:56]} 48.Nxc6 {[%clk 0:13:13]} a6 {[%clk 0:01:23]}
49.Nd4 {[%clk 0:12:22]} Re4 {[%clk 0:00:56]} 50.h3 {[%clk 0:11:15]}
Re7 {[%clk 0:00:55]} 51.Rf3 {[%clk 0:10:12]} Kg8 {[%clk 0:00:57]}
52.Re3 {[%clk 0:07:04]} Kf7 {[%clk 0:00:46]} 53.Nf3 {[%clk 0:04:13]}
Rxe3 {[%clk 0:00:43]} 54.Kxe3 {[%clk 0:04:40]} Kf6 {[%clk 0:00:56]}
55.Kd4 {[%clk 0:04:02]} Bf1 {[%clk 0:00:41]} 56.Ne5 {[%clk 0:02:31]}
Ke6 {[%clk 0:00:36]} 57.Nxg6 {[%clk 0:00:44]} Bxh3 {[%clk 0:01:02]}
58.Ne5 {[%clk 0:00:34]} Kd6 {[%clk 0:00:36]} 59.Nf7+ {[%clk 0:00:42]}
Kc6 {[%clk 0:00:36]} 60.Nh6 {[%clk 0:01:03]} Bg2 {[%clk 0:00:38]}
61.Nf5 {[%clk 0:01:00]} Bf3 {[%clk 0:00:34]} 62.Nh6 {[%clk 0:01:09]}
Kb5 {[%clk 0:00:39]} 63.Nf7 {[%clk 0:01:08]} Bxg4 {[%clk 0:00:50]}
64.Nxg5 {[%clk 0:01:25]} Kc6 {[%clk 0:00:45]} 65.Ke5 {[%clk 0:01:34]}
Bc8 {[%clk 0:00:33]} 66.Nf3 {[%clk 0:01:57]} Bb7 {[%clk 0:00:39]}
67.Nd4+ Kd7 68.Ne6 {[%clk 0:02:23]} Bc8 {[%clk 0:00:41]} 69.Kxd5
{[%clk 0:02:41]} c6+ {[%clk 0:00:43]} 70.Ke5 {[%clk 0:03:09]}
Ke8 {[%clk 0:00:37]} 71.Kd6 {[%clk 0:03:21]} c5 {[%clk 0:00:38]}
72.Nxc5 {[%clk 0:03:40]} Kd8 {[%clk 0:00:48]} 73.Kc6 {[%clk 0:04:05]}
Ke7 {[%clk 0:00:55]} 74.Kb6 {[%clk 0:04:33]} Kd6 {[%clk 0:00:57]}
75.Nxa6 {[%clk 0:04:59]} Be6 {[%clk 0:01:24]} 76.Nc7 {[%clk 0:05:23]}
Kd5 1-0

[Event "Russian Women's Higher League 2021"]
[Site "?"]
[Date "2021.06.26"]
[Round "1.11"]
[White "Filippova, Margarita"]
[Black "Charochkina, Daria"]
[Result "0-1"]
[WhiteElo "2075"]
[BlackElo "2333"]
[Annotator ""]
[Source ""]
[Remark ""]

1.Nf3 {[%clk 1:30:57]} f5 {[%clk 1:30:57]} 2.d4 {[%clk 1:31:21]}
Nf6 {[%clk 1:31:18]} 3.c4 {[%clk 1:31:43]} e6 {[%clk 1:31:40]}
4.Nc3 {[%clk 1:32:08]} Bb4 {[%clk 1:31:50]} 5.Qc2 {[%clk 1:29:07]}
O-O {[%clk 1:30:38]} 6.g3 {[%clk 1:28:40]} b6 {[%clk 1:28:55]}
7.Bg2 {[%clk 1:28:56]} Bb7 {[%clk 1:29:16]} 8.O-O {[%clk 1:29:00]}
Bxc3 {[%clk 1:26:12]} 9.Qxc3 {[%clk 1:28:53]} Qe8 {[%clk 1:24:48]}
10.Rd1 {[%clk 1:22:05]} d6 {[%clk 1:22:22]} 11.b4 {[%clk 1:19:17]}
Nbd7 {[%clk 1:14:08]} 12.a4 {[%clk 1:12:28]} a5 {[%clk 1:02:52]}
13.bxa5 {[%clk 1:05:45]} Rxa5 {[%clk 1:03:03]} 14.Qb3 {[%clk 1:04:59]}
Qa8 {[%clk 1:01:05]} 15.Bd2 {[%clk 1:03:50]} Ra6 {[%clk 0:59:08]}
16.Ne1 {[%clk 0:54:06]} Ne4 {[%clk 0:50:22]} 17.f3 {[%clk 0:49:49]}
Nxd2 {[%clk 0:47:16]} 18.Rxd2 {[%clk 0:50:13]} e5 {[%clk 0:33:15]}
19.dxe5 {[%clk 0:47:01]} Nc5 {[%clk 0:33:11]} 20.Qe3 {[%clk 0:46:23]}
Re8 {[%clk 0:33:06]} 21.f4 {[%clk 0:37:21]} Bxg2 {[%clk 0:27:22]}
22.Nxg2 {[%clk 0:37:45]} Ne4 {[%clk 0:27:14]} 23.Rd5 {[%clk 0:32:18]}
Rxa4 {[%clk 0:26:25]} 24.Rad1 {[%clk 0:32:03]} Rxc4 {[%clk 0:23:50]}
25.R5d3 {[%clk 0:25:26]} Qa2 {[%clk 0:19:53]} 26.Nh4 {[%clk 0:23:54]}
Rc2 {[%clk 0:18:05]} 27.Kf1 {[%clk 0:23:03]} Qf7 {[%clk 0:13:32]}
28.Nf3 {[%clk 0:21:02]} h6 {[%clk 0:11:49]} 29.Ra3 {[%clk 0:17:06]}
Ra2 {[%clk 0:08:52]} 30.Rad3 {[%clk 0:16:13]} Kh7 {[%clk 0:08:54]}
31.Rc1 {[%clk 0:13:27]} Nc5 {[%clk 0:07:40]} 32.Rdd1 {[%clk 0:11:26]}
Qh5 {[%clk 0:06:51]} 33.Ra1 {[%clk 0:07:43]} Rxa1 {[%clk 0:07:08]}
34.Rxa1 {[%clk 0:08:10]} dxe5 {[%clk 0:07:36]} 35.fxe5 {[%clk 0:08:20]}
Qg4 {[%clk 0:06:28]} 36.Rd1 {[%clk 0:07:22]} Ne6 {[%clk 0:05:27]}
37.Rc1 {[%clk 0:04:17]} Rd8 {[%clk 0:04:47]} 38.Qb3 {[%clk 0:04:01]}
f4 {[%clk 0:02:16]} 39.Rc6 {[%clk 0:01:23]} Nc5 {[%clk 0:02:11]}
40.Qc2+ {[%clk 0:01:36]} Kh8 {[%clk 0:02:39]} 41.Rg6 {[%clk 0:01:07]}
Qh3+ {[%clk 0:02:43]} 42.Kf2 {[%clk 0:01:27]} fxg3+ {[%clk 0:02:58]}
43.Rxg3 {[%clk 0:00:55]} Qe6 {[%clk 0:02:38]} 44.Nh4 {[%clk 0:00:49]}
g5 {[%clk 0:00:39]} 45.Nf3 {[%clk 0:00:46]} Rf8 {[%clk 0:28:25]}
46.Kg1 {[%clk 0:30:13]} Qf5 {[%clk 0:27:26]} 47.Qc1 {[%clk 0:28:08]}
Ne6 {[%clk 0:24:58]} 48.Qc4 {[%clk 0:25:37]} b5 {[%clk 0:22:43]}
49.Qc1 {[%clk 0:23:13]} b4 {[%clk 0:20:53]} 50.h4 {[%clk 0:23:21]}
Qf4 {[%clk 0:19:30]} 51.Qxf4 {[%clk 0:22:44]} Nxf4 {[%clk 0:18:09]}
52.Rg4 {[%clk 0:22:40]} h5 {[%clk 0:17:52]} 0-1

[Event "Russian Women's Higher League 2021"]
[Site "?"]
[Date "2021.06.26"]
[Round "1.13"]
[White "Faizutdinova, Diana"]
[Black "Afonasieva, Anna"]
[Result "1/2-1/2"]
[WhiteElo "2027"]
[BlackElo "2323"]
[Annotator ""]
[Source ""]
[Remark ""]

1.d4 {[%clk 1:30:56]} Nf6 {[%clk 1:30:53]} 2.Nc3 {[%clk 1:31:20]}
d5 {[%clk 1:31:17]} 3.Bf4 {[%clk 1:31:44]} c5 {[%clk 1:28:50]}
4.e3 {[%clk 1:31:36]} a6 {[%clk 1:29:03]} 5.dxc5 {[%clk 1:28:24]}
e6 {[%clk 1:25:36]} 6.Na4 {[%clk 1:25:38]} Nbd7 {[%clk 1:22:10]}
7.Nf3 {[%clk 1:14:14]} Nxc5 {[%clk 1:22:00]} 8.Nxc5 {[%clk 1:14:12]}
Bxc5 {[%clk 1:22:25]} 9.c3 {[%clk 1:14:03]} O-O {[%clk 1:22:09]}
10.Bd3 {[%clk 1:11:46]} b5 {[%clk 1:21:43]} 11.O-O {[%clk 0:48:04]}
Bb7 {[%clk 1:21:51]} 12.Rc1 {[%clk 0:46:26]} Rc8 {[%clk 1:19:08]}
13.Bb1 {[%clk 0:43:18]} Qe7 {[%clk 1:17:40]} 14.Ne5 {[%clk 0:37:24]}
Rfd8 {[%clk 1:16:40]} 15.Bg5 {[%clk 0:33:24]} h6 {[%clk 1:08:32]}
16.Bh4 {[%clk 0:30:17]} g5 {[%clk 1:07:59]} 17.Bg3 {[%clk 0:30:31]}
Bd6 {[%clk 1:06:31]} 18.Ng4 {[%clk 0:26:59]} Nxg4 {[%clk 1:02:57]}
19.Bxd6 {[%clk 0:21:41]} Qxd6 {[%clk 0:59:43]} 20.Qxg4 {[%clk 0:22:04]}
Rc4 {[%clk 0:52:42]} 21.f4 {[%clk 0:19:29]} f5 {[%clk 0:37:42]}
22.Qh5 {[%clk 0:18:21]} Kg7 {[%clk 0:32:07]} 23.b3 {[%clk 0:13:43]}
Rcc8 {[%clk 0:31:33]} 24.fxg5 {[%clk 0:12:26]} Rh8 {[%clk 0:30:02]}
25.Rf3 {[%clk 0:10:46]} hxg5 {[%clk 0:14:09]} 26.Qxg5+ {[%clk 0:11:07]}
Kf7 {[%clk 0:14:30]} 27.Rg3 {[%clk 0:09:24]} Rcg8 {[%clk 0:12:57]}
28.Qf4 {[%clk 0:09:49]} Qxf4 {[%clk 0:12:49]} 29.exf4 {[%clk 0:10:14]}
Rc8 {[%clk 0:12:52]} 30.Rd1 {[%clk 0:09:18]} Rc7 {[%clk 0:12:32]}
31.Rgd3 {[%clk 0:01:09]} Rhc8 {[%clk 0:12:00]} 32.Rc1 {[%clk 0:00:41]}
b4 {[%clk 0:09:48]} 33.c4 {[%clk 0:00:48]} dxc4 {[%clk 0:09:26]}
34.bxc4 {[%clk 0:00:48]} Rxc4 {[%clk 0:08:01]} 35.Rxc4 {[%clk 0:00:32]}
Rxc4 {[%clk 0:08:29]} 36.Rd7+ {[%clk 0:00:45]} Kf6 {[%clk 0:08:55]}
37.Bd3 {[%clk 0:00:39]} Rc1+ {[%clk 0:09:11]} 38.Kf2 {[%clk 0:01:03]}
Bd5 {[%clk 0:09:23]} 39.Bxa6 {[%clk 0:00:31]} Rc2+ {[%clk 0:09:39]}
40.Ke3 {[%clk 0:00:32]} Rxg2 {[%clk 0:08:43]} 41.Bb7 {[%clk 0:00:42]}
Bxb7 {[%clk 0:05:16]} 42.Rxb7 {[%clk 0:01:03]} Rxh2 {[%clk 0:05:41]}
43.Rxb4 {[%clk 0:01:13]} Rxa2 {[%clk 0:06:05]} 44.Rb3 {[%clk 0:00:44]}
Rh2 {[%clk 0:06:12]} 45.Rb7 {[%clk 0:28:59]} Rh3+ {[%clk 0:36:22]}
46.Kf2 {[%clk 0:27:44]} Ra3 {[%clk 0:36:08]} 47.Rb5 {[%clk 0:26:30]}
Ke7 {[%clk 0:36:01]} 48.Re5 {[%clk 0:24:49]} Kd6 {[%clk 0:35:55]}
49.Rb5 {[%clk 0:24:52]} Rc3 {[%clk 0:36:16]} 50.Re5 {[%clk 0:20:23]}
Rc5 {[%clk 0:33:40]} 51.Re3 {[%clk 0:19:12]} Rc4 {[%clk 0:33:51]}
52.Kf3 {[%clk 0:19:24]} Rc6 {[%clk 0:34:18]} 53.Re5 {[%clk 0:19:31]}
Ra6 {[%clk 0:34:34]} 54.Kf2 {[%clk 0:19:36]} Ke7 {[%clk 0:35:00]}
55.Re1 {[%clk 0:18:08]} Kf6 {[%clk 0:35:25]} 56.Kf3 {[%clk 0:17:29]}
Ra4 {[%clk 0:35:37]} 57.Re5 {[%clk 0:17:05]} Ra3+ {[%clk 0:35:53]}
58.Kf2 {[%clk 0:17:08]} Ra6 {[%clk 0:35:44]} 59.Re1 {[%clk 0:17:14]}
Kg6 {[%clk 0:36:03]} 60.Rh1 {[%clk 0:15:35]} Ra7 {[%clk 0:35:02]}
61.Kf3 {[%clk 0:15:28]} Ra3+ {[%clk 0:34:58]} 62.Kf2 {[%clk 0:15:47]}
Ra4 {[%clk 0:35:11]} 63.Kf3 {[%clk 0:15:58]} Re4 {[%clk 0:35:38]}
64.Rh2 {[%clk 0:15:36]} Kf6 {[%clk 0:35:50]} 65.Rd2 {[%clk 0:14:44]}
Ra4 {[%clk 0:35:25]} 66.Re2 {[%clk 0:14:50]} Ra6 {[%clk 0:35:17]}
67.Re1 {[%clk 0:15:11]} Ra3+ {[%clk 0:35:26]} 68.Kf2 {[%clk 0:15:31]}
Rh3 {[%clk 0:35:39]} 69.Kg2 {[%clk 0:14:49]} Rh6 {[%clk 0:36:00]}
70.Kf3 {[%clk 0:14:44]} Ke7 {[%clk 0:36:20]} 71.Rd1 {[%clk 0:15:01]}
Rh8 {[%clk 0:36:30]} 72.Re1 {[%clk 0:14:45]} Kd6 {[%clk 0:36:49]}
73.Re5 {[%clk 0:13:29]} Rh1 {[%clk 0:37:08]} 74.Kg2 {[%clk 0:13:12]}
Rc1 {[%clk 0:37:17]} 75.Kf3 {[%clk 0:13:29]} Rc5 {[%clk 0:35:41]}
76.Re3 {[%clk 0:13:20]} Ke7 {[%clk 0:35:51]} 77.Re1 {[%clk 0:13:25]}
Kf6 {[%clk 0:36:18]} 78.Kf2 {[%clk 0:13:16]} Kg6 {[%clk 0:33:10]}
79.Rxe6+ {[%clk 0:13:22]} Kh5 {[%clk 0:33:38]} 80.Re5 {[%clk 0:11:02]}
Rc2+ {[%clk 0:34:02]} 81.Kf3 {[%clk 0:10:25]} Rc3+ {[%clk 0:34:26]}
82.Re3 {[%clk 0:09:46]} Rxe3+ {[%clk 0:34:48]} 83.Kxe3 {[%clk 0:10:14]}
Kg4 {[%clk 0:35:14]} 84.Ke2 {[%clk 0:10:25]} Kxf4 {[%clk 0:35:37]}
85.Kf2 {[%clk 0:10:52]} Kg4 {[%clk 0:36:01]} 86.Kg2 {[%clk 0:11:16]}
f4 {[%clk 0:36:28]} 87.Kf2 {[%clk 0:11:41]} f3 {[%clk 0:36:55]}
88.Kf1 {[%clk 0:11:57]} Kg3 {[%clk 0:37:21]} 89.Kg1 {[%clk 0:12:24]}
f2+ {[%clk 0:37:46]} 90.Kf1 {[%clk 0:12:52]} Kf3 {[%clk 0:38:12]} 1/2-1/2

[Event "Russian Women's Higher League 2021"]
[Site "?"]
[Date "2021.06.26"]
[Round "1.14"]
[White "Ovod, Evgenija"]
[Black "Kuznetsova, Marina"]
[Result "1-0"]
[WhiteElo "2322"]
[BlackElo "1964"]
[Annotator ""]
[Source ""]
[Remark ""]

1.d4 {[%clk 1:30:57]} Nf6 {[%clk 1:30:54]} 2.Nf3 {[%clk 1:31:15]}
e6 {[%clk 1:31:14]} 3.e3 {[%clk 1:31:06]} b6 {[%clk 1:31:02]}
4.c4 {[%clk 1:28:19]} Bb7 {[%clk 1:26:25]} 5.Nc3 {[%clk 1:28:32]}
g6 {[%clk 1:26:17]} 6.Bd3 {[%clk 1:26:35]} Bg7 {[%clk 1:25:29]}
7.e4 {[%clk 1:19:14]} d6 {[%clk 1:24:07]} 8.O-O {[%clk 1:17:00]}
Nbd7 {[%clk 1:21:06]} 9.Rb1 {[%clk 1:12:51]} a5 {[%clk 1:16:40]}
10.a3 {[%clk 1:05:53]} O-O {[%clk 1:12:47]} 11.Re1 {[%clk 1:01:44]}
e5 {[%clk 1:08:23]} 12.d5 {[%clk 1:01:17]} Nh5 {[%clk 1:06:17]}
13.Bf1 {[%clk 0:52:19]} h6 {[%clk 1:02:43]} 14.Be3 {[%clk 0:34:46]}
Ba6 {[%clk 0:56:02]} 15.Nd2 {[%clk 0:31:48]} Qe8 {[%clk 0:54:41]}
16.b4 {[%clk 0:29:24]} f5 {[%clk 0:46:49]} 17.f3 {[%clk 0:28:58]}
f4 {[%clk 0:45:35]} 18.Bf2 {[%clk 0:29:25]} axb4 {[%clk 0:33:57]}
19.axb4 {[%clk 0:29:51]} Qe7 {[%clk 0:31:01]} 20.Nb3 {[%clk 0:26:52]}
Bf6 {[%clk 0:28:56]} 21.c5 {[%clk 0:26:23]} bxc5 {[%clk 0:26:27]}
22.bxc5 {[%clk 0:26:00]} Bh4 {[%clk 0:24:54]} 23.Bxh4 {[%clk 0:18:09]}
Qxh4 {[%clk 0:25:16]} 24.Bxa6 {[%clk 0:18:35]} Rxa6 {[%clk 0:25:38]}
25.Qe2 {[%clk 0:18:54]} Rfa8 {[%clk 0:22:23]} 26.c6 {[%clk 0:18:46]}
Nb6 {[%clk 0:20:06]} 27.Ra1 {[%clk 0:18:54]} Rxa1 {[%clk 0:06:02]}
28.Rxa1 {[%clk 0:19:21]} Rxa1+ {[%clk 0:04:31]} 29.Nxa1 {[%clk 0:19:48]}
Ng3 {[%clk 0:04:06]} 30.Qf2 {[%clk 0:14:55]} Nc4 {[%clk 0:01:08]}
31.Nc2 {[%clk 0:14:46]} g5 {[%clk 0:00:34]} 32.Qa7 {[%clk 0:09:35]}
Ne2+ {[%clk 0:00:31]} 33.Nxe2 {[%clk 0:09:55]} Ne3 {[%clk 0:00:48]}
34.Nxe3 {[%clk 0:07:34]} fxe3 {[%clk 0:01:06]} 35.g3 1-0

[Event "Russian Women's Higher League 2021"]
[Site "?"]
[Date "2021.06.26"]
[Round "1.15"]
[White "Mironenko, Galina"]
[Black "Kovanova, Baira"]
[Result "1/2-1/2"]
[WhiteElo "1952"]
[BlackElo "2318"]
[Annotator ""]
[Source ""]
[Remark ""]

1.e4 {[%clk 1:30:56]} e5 {[%clk 1:27:57]} 2.Nf3 {[%clk 1:31:17]}
Nc6 {[%clk 1:28:05]} 3.Bb5 {[%clk 1:31:40]} a6 {[%clk 1:28:27]}
4.Ba4 {[%clk 1:32:05]} Nf6 {[%clk 1:28:36]} 5.O-O {[%clk 1:32:27]}
Be7 {[%clk 1:29:02]} 6.Bxc6 {[%clk 1:32:52]} dxc6 {[%clk 1:28:31]}
7.Qe1 {[%clk 1:33:15]} Nd7 {[%clk 1:27:31]} 8.b3 {[%clk 1:33:31]}
c5 {[%clk 1:19:25]} 9.Bb2 {[%clk 1:33:52]} Bd6 {[%clk 1:19:51]}
10.a4 {[%clk 1:34:13]} Qe7 {[%clk 1:17:59]} 11.Nc3 {[%clk 1:33:41]}
Nf6 {[%clk 1:18:11]} 12.d3 {[%clk 1:33:19]} Bg4 {[%clk 1:16:21]}
13.Nd2 {[%clk 1:32:08]} O-O-O {[%clk 1:07:52]} 14.Nc4 {[%clk 1:28:26]}
Nh5 {[%clk 1:07:10]} 15.Nd5 {[%clk 1:24:29]} Qg5 {[%clk 0:58:35]}
16.Qa5 {[%clk 1:19:13]} Kb8 {[%clk 0:54:58]} 17.Nxd6 {[%clk 1:14:01]}
cxd6 {[%clk 0:54:27]} 18.Qc7+ {[%clk 1:12:51]} Ka8 {[%clk 0:54:14]}
19.Bc1 {[%clk 1:08:47]} Nf4 {[%clk 0:52:58]} 20.Bxf4 {[%clk 0:58:58]}
exf4 {[%clk 0:53:16]} 21.f3 {[%clk 0:57:54]} Bh3 {[%clk 0:49:41]}
22.Rf2 {[%clk 0:57:55]} Be6 {[%clk 0:50:07]} 23.Nb6+ {[%clk 0:54:09]}
Ka7 {[%clk 0:50:33]} 24.Rb1 {[%clk 0:51:17]} Rhe8 {[%clk 0:46:14]}
25.Nc4 {[%clk 0:48:47]} Qe7 {[%clk 0:43:47]} 26.Qb6+ {[%clk 0:48:07]}
Kb8 {[%clk 0:38:21]} 27.b4 {[%clk 0:43:09]} Bxc4 {[%clk 0:36:16]}
28.dxc4 {[%clk 0:42:35]} cxb4 {[%clk 0:30:42]} 29.Rxb4 {[%clk 0:41:50]}
Rd7 {[%clk 0:26:55]} 30.Rf1 {[%clk 0:31:44]} Rc8 {[%clk 0:23:50]}
31.Rfb1 {[%clk 0:24:37]} Ka8 {[%clk 0:23:06]} 32.Qd4 {[%clk 0:22:58]}
Qe5 {[%clk 0:17:40]} 33.c3 {[%clk 0:20:19]} f6 {[%clk 0:15:47]}
34.Rd1 {[%clk 0:14:16]} Rdc7 {[%clk 0:13:55]} 35.h3 {[%clk 0:10:50]}
Rc6 {[%clk 0:11:47]} 36.Kf2 {[%clk 0:07:23]} Kb8 {[%clk 0:11:05]}
37.Ke2 {[%clk 0:01:24]} Qe6 {[%clk 0:08:34]} 38.Kd3 {[%clk 0:00:48]}
Rc5 {[%clk 0:03:23]} 39.Rdb1 {[%clk 0:00:54]} R8c7 {[%clk 0:02:34]}
40.R1b3 {[%clk 0:00:32]} Kc8 {[%clk 0:01:18]} 41.a5 {[%clk 0:00:32]}
Rxa5 {[%clk 0:27:25]} 42.Qa7 {[%clk 0:28:03]} Rac5 {[%clk 0:18:22]}
43.Rxb7 {[%clk 0:22:13]} Qxc4+ {[%clk 0:18:43]} 44.Kd2 {[%clk 0:21:32]}
Kd7 {[%clk 0:17:20]} 45.Qb8 {[%clk 0:16:41]} Qf1 {[%clk 0:13:50]}
46.Qf8 {[%clk 0:14:02]} Qxg2+ {[%clk 0:13:32]} 47.Kc1 {[%clk 0:10:54]}
Qg6 {[%clk 0:11:56]} 48.Rb8 {[%clk 0:04:54]} Qg1+ {[%clk 0:05:24]}
49.Kb2 {[%clk 0:02:09]} Qf2+ {[%clk 0:05:49]} 50.Kb1 {[%clk 0:01:35]}
Qe1+ {[%clk 0:06:12]} 51.Kb2 {[%clk 0:01:38]} Qd2+ {[%clk 0:06:34]}
52.Kb1 {[%clk 0:01:40]} Qd1+ {[%clk 0:06:59]} 1/2-1/2

[Event "Russian Women's Higher League 2021"]
[Site "?"]
[Date "2021.06.26"]
[Round "1.16"]
[White "Chernyak, Viktoria"]
[Black "Tokmakova, Ulyana"]
[Result "1-0"]
[WhiteElo "2315"]
[BlackElo "1887"]
[Annotator ""]
[Source ""]
[Remark ""]

1.d4 {[%clk 1:30:54]} d5 {[%clk 1:30:51]} 2.c4 {[%clk 1:31:19]}
e6 {[%clk 1:31:17]} 3.Nf3 {[%clk 1:31:45]} c5 {[%clk 1:31:43]}
4.cxd5 {[%clk 1:32:03]} exd5 {[%clk 1:32:08]} 5.Bg5 {[%clk 1:31:30]}
f6 {[%clk 1:30:36]} 6.Bf4 {[%clk 1:27:37]} Nc6 {[%clk 1:30:25]}
7.Nc3 {[%clk 1:27:13]} cxd4 {[%clk 1:27:19]} 8.Nxd4 {[%clk 1:27:20]}
Bb4 {[%clk 1:25:47]} 9.e3 {[%clk 1:24:33]} Nge7 {[%clk 1:22:58]}
10.Be2 {[%clk 1:21:33]} O-O {[%clk 1:20:46]} 11.O-O {[%clk 1:21:39]}
Ng6 {[%clk 1:15:30]} 12.Bg3 {[%clk 1:20:32]} Bxc3 {[%clk 1:07:15]}
13.bxc3 {[%clk 1:19:49]} f5 {[%clk 1:05:41]} 14.c4 {[%clk 1:10:44]}
Nxd4 {[%clk 0:58:06]} 15.Qxd4 {[%clk 1:10:51]} Be6 {[%clk 0:57:56]}
16.Rfd1 {[%clk 0:46:55]} dxc4 {[%clk 0:57:10]} 17.Bxc4 {[%clk 0:47:20]}
Qe8 {[%clk 0:55:24]} 18.h4 {[%clk 0:43:59]} Bxc4 {[%clk 0:51:49]}
19.Qxc4+ {[%clk 0:44:26]} Qf7 {[%clk 0:51:54]} 20.Rac1 {[%clk 0:35:05]}
Qxc4 {[%clk 0:50:04]} 21.Rxc4 {[%clk 0:35:29]} Rf7 {[%clk 0:49:04]}
22.h5 {[%clk 0:32:14]} Nf8 {[%clk 0:48:59]} 23.Rd5 {[%clk 0:31:48]}
Ne6 {[%clk 0:42:46]} 24.Be5 {[%clk 0:25:38]} Re8 {[%clk 0:40:54]}
25.f3 {[%clk 0:24:51]} h6 {[%clk 0:30:47]} 26.Kf2 {[%clk 0:24:52]}
Ree7 {[%clk 0:29:09]} 27.Rc8+ {[%clk 0:23:26]} Kh7 {[%clk 0:28:28]}
28.Rd6 {[%clk 0:21:31]} Rf8 {[%clk 0:27:15]} 29.Rxf8 {[%clk 0:13:19]}
Nxf8 {[%clk 0:27:44]} 30.Rd5 {[%clk 0:13:43]} a6 {[%clk 0:24:03]}
31.Bd4 {[%clk 0:10:06]} Rf7 {[%clk 0:24:02]} 32.f4 {[%clk 0:09:06]}
Ne6 {[%clk 0:22:53]} 33.Bb6 {[%clk 0:08:34]} Nf8 {[%clk 0:22:32]}
34.Kf3 {[%clk 0:08:44]} Nd7 {[%clk 0:22:26]} 35.Bd4 {[%clk 0:08:00]}
Kg8 {[%clk 0:22:21]} 36.g4 {[%clk 0:07:41]} fxg4+ {[%clk 0:21:19]}
37.Kxg4 {[%clk 0:08:05]} Nf6+ {[%clk 0:16:53]} 38.Bxf6 {[%clk 0:08:27]}
gxf6 {[%clk 0:17:22]} 39.Kf5 {[%clk 0:06:05]} Kg7 {[%clk 0:17:37]}
40.Rd6 {[%clk 0:04:32]} Rc7 {[%clk 0:14:48]} 41.Rb6 {[%clk 0:03:51]}
Rc5+ {[%clk 0:12:52]} 42.Ke6 {[%clk 0:04:12]} Rc7 {[%clk 0:11:31]}
43.e4 {[%clk 0:04:14]} a5 {[%clk 0:08:54]} 44.a4 {[%clk 0:03:03]}
Rc4 {[%clk 0:07:26]} 45.Rxb7+ {[%clk 0:03:15]} Kg8 {[%clk 0:07:52]}
46.Kf5 {[%clk 0:01:15]} Rxa4 {[%clk 0:07:28]} 47.Rb6 {[%clk 0:01:23]}
Rb4 {[%clk 0:05:49]} 48.Rxf6 {[%clk 0:01:11]} a4 {[%clk 0:06:06]}
49.Ra6 {[%clk 0:01:10]} Kg7 {[%clk 0:05:38]} 50.Ra7+ {[%clk 0:01:27]}
Kf8 {[%clk 0:05:59]} 51.e5 {[%clk 0:01:14]} Rc4 {[%clk 0:05:57]}
52.e6 {[%clk 0:01:28]} Rb4 {[%clk 0:05:41]} 53.Ke5 {[%clk 0:01:45]}
Rb5+ {[%clk 0:05:31]} 54.Kf6 Kg8 {[%clk 0:05:56]} 55.Rxa4 {[%clk 0:02:07]}
Rb6 {[%clk 0:05:12]} 56.f5 {[%clk 0:02:29]} Rc6 {[%clk 0:05:25]}
57.Kg6 {[%clk 0:02:36]} 1-0